LEADER 01668oam 2200529 a 450 001 9910698067903321 005 20140130124505.0 035 $a(CKB)5470000002394322 035 $a(OCoLC)302274841$z(OCoLC)646998395$z(OCoLC)680546806 035 $a(EXLCZ)995470000002394322 100 $a20090209d2008 ua 0 101 0 $aeng 135 $aurbn||||||||| 181 $ctxt$2rdacontent 182 $cc$2rdamedia 183 $acr$2rdacarrier 200 14$aThe employment situation$b[electronic resource] $eFebruary 2008 : hearing before the Joint Economic Committee, Congress of the United States, One Hundred Tenth Congress, second session, March 7, 2008 210 1$aWashington :$cU.S. G.P.O.,$d2008. 215 $aiii, 95 pages $cdigital, PDF file 225 1 $aS. hrg. ;$v110-595 300 $aTitle from title screen (viewed on Feb. 9, 2009). 320 $aIncludes bibliographical references. 517 $aEmployment situation 606 $aLabor market$zUnited States 606 $aManpower policy$zUnited States 606 $aUnemployment$zUnited States 606 $aLabor market$2fast 606 $aManpower policy$2fast 606 $aUnemployment$2fast 607 $aUnited States$2fast 615 0$aLabor market 615 0$aManpower policy 615 0$aUnemployment 615 7$aLabor market. 615 7$aManpower policy. 615 7$aUnemployment. 801 0$bGPO 801 1$bGPO 801 2$bGPO 801 2$bOCLCE 801 2$bOCLCQ 801 2$bOCLCF 801 2$bGPO 906 $aBOOK 912 $a9910698067903321 996 $aThe employment situation$93115854 997 $aUNINA LEADER 01065nam2 22002893i 450 001 UBO0290785 005 20251003044419.0 100 $a20130827d1886 ||||0itac50 ba 101 | $aita 102 $ait 181 1$6z01$ai $bxxxe 182 1$6z01$an 183 1$6z01$anc$2RDAcarrier 200 0 $a2$fEmilio Bianchi 210 $aMilano$cU. Hoepli$d1886 215 $aXI, 556 p.$d25 cm 300 $aContiene: Vendita, enfiteusi, locazione dei fondi rustici, colonìa, soccida 461 1$1001SBL0061678$12001 $aCorso di legislazione agraria$fdell'avvocato Emilio Bianchi$v2 606 $aAgricoltura$xLegislazione$2FIR$3CFIC066078$9E 676 $a343.45076$9REGOLAMENTAZIONE DELL'AGRICOLTURA E DELL'INDUSTRIA AGRICOLA. ITALIA$v21 801 3$aIT$bIT-000000$c20130827 850 $aIT-BN0095 912 $aUBO0290785 950 2$aBiblioteca Centralizzata di Ateneo$d 01D (AR) 30 281$e 01AR 0700302815 VMA 1 v.$fY $h20130930$i20130930 977 $a 01 996 $a2$961340 997 $aUNISANNIO